000 01305naa a22003017a 4500
001 BR7502760
003 BR-BrBNA
005 20240918173732.0
007 ta
008 230509b bl.||||| |||| 00| 0 por d
040 _aBR-BrBNA
_bpor
_cBiblioteca Nacional de Agricultura
041 _a(Es)
072 _aF60
_b1410
090 _aF60 BR7502760
100 1 _aSouza, F. de
100 1 _aGonzalez, R.F.
111 1 _aSimposio de Pesquisas em Agricultura Irrigada
_cPetrolina, PE (Brazil)
_d13 Jun 1975
245 1 _aEfecto de cuatro antitranspirantes de origem vegetal sobre la eficiencia del uso del agua por el cultivo de frijol [transpiracao vegetal, feijao]
260 3 _aRio de Janeiro, RJ (Brasil):
_c1975.
500 _aMillar, A.A.; Souza, F. de Simposio de pesquisas em agricultura irrigada Rio de Janeiro, RJ (Brasil): 1975. p. 5-23 (BR7502760-AM)F60
650 _aFISIOLOGIA VEGETAL
650 _aFEIJAO
650 _aTRANSPIRACAO VEGETAL
650 _aANTITRANSPIRANTE
773 0 _tSimposio de pesquisas em agricultura irrigada
_aMillar, A.A.; Souza, F. de. IICA, Rio de Janeiro, RJ (Brasil);Empresa Brasileira de Pesquisa Agropecuaria, Brasilia, DF
_b
_wF60 BR7502760
_gRio de Janeiro, RJ (Brasil), 1975. p. 5-23
909 _a202404
_bLucia
_c55
_dLucia Elande
942 _cAM
_2AGRIS
999 _c306539
_d306539